000 02264nam0a2200409 i 4500
001 RU\NLR\BIBL_A\010348270
005 20260408113851.0
010 _a9785890169334
_9500
021 _aRU
_b2014-15478
_9992
035 _a(NILC)RuMoRGB-006752820
035 _a(NLR Aleph) 010348270
090 _a10734887
_c10734887
100 _a20140428d2014 km y0rusy50 ca
101 0 _arus
_deng
102 _aRU
105 _aa|||z|||100yy
200 1 _aXIX Державинские чтения
_dXIX Derzhavin readings
_e[участник] Институт филологии
_eматериалы Общероссийской научной конференции, февраль 2014 года
210 _aТамбов
_cИздательский дом ТГУ
_d2014
215 _a538 с.
_cил., табл.
_d21
300 _aВ надзаг.: М-во образования и науки Российской Федерации, Федеральное гос. бюджетное образовательное учреждение высш. проф. образования "Тамбовский гос. ун-т им. Г. Р. Державина"
320 _aБиблиогр. в конце ст.
510 1 _aXIX Derzhavin readings
_zeng
517 1 _aДевятнадцатые Державинские чтения
600 1 _aДержавин
_bГ.Р.
_f1743 - 1816
_gГаврила Романович
_jСъезды, совещания и т.п.
_91474643
_3RU\NLR\AUTH\66317871
606 1 _aФилология
_jСъезды, совещания и т.п.
_9921663
_3RU\NLR\AUTH\6619068
675 _a81(082)
686 1 _aШ5(2=Р)4-4Державин
686 1 _aШ.я431
710 1 2 _a"Державинские чтения", конференция
_d19
_f2014
_eТамбов
_3RU\NLR\AUTH\880366485
_9399650
712 0 2 _aТамбовский государственный университет им. Г. Р. Державина
_bИнститут филологии
_3RU\NLR\AUTH\8810092843
_9686961
801 0 _aRU
_bRuMoRKP
_c20140303
_gRCR
801 2 _aRU
_bРГБ
_c20140324
_grcr
942 _cBOOK
980 _aNBR